[Event "Wch Juvenil 2013 sub-18"]
[Site "Al-Ain UAE"]
[Date "2013.12.19"]
[Round "2.2"]
[White "Grigoryan, Karen H"]
[Black "Licznerski, Lukasz"]
[Result "1-0"]
[WhiteElo "2604"]
[BlackElo "2354"]
[PlyCount "83"]
[EventDate "2013.12.19"]
[EventType "swiss"]
[EventRounds "11"]
[EventCountry "UAE"]
[Source "lmi"]
[SourceDate "2013.12.19"]

1. c4 e5 2. Nc3 Nf6 3. g3 d5 4. cxd5 Nxd5 5. Bg2 Nb6 6. e3 Nc6 7. Nge2 Bf5 8.
d4 exd4 9. exd4 Nb4 10. O-O c6 11. Nf4 Qd7 12. a3 N4d5 13. Ncxd5 Nxd5 14. Nxd5
cxd5 15. Qb3 Be6 16. Bf4 Be7 17. Rac1 Bd8 18. Rc5 b6 19. Rxd5 Bxd5 20. Bxd5 Rc8
21. Re1+ Kf8 22. Bxf7 Qxf7 23. Bd6+ Be7 24. Bxe7+ Kg8 25. Qa4 Rc7 26. Bd8 Rd7
27. Bxb6 h5 28. Bc5 h4 29. Qc6 hxg3 30. Qa8+ Kh7 31. Qe4+ Kg8 32. hxg3 Rh5 33.
Qe8+ Kh7 34. Qxf7 Rxf7 35. b4 Rhf5 36. Re2 Rf3 37. a4 g5 38. d5 a5 39. bxa5
R3f5 40. a6 Rxd5 41. a7 Rd8 42. Re6 1-0

[Event "Wch Juvenil 2013 sub-18"]
[Site "Al-Ain UAE"]
[Date "2013.12.19"]
[Round "2.3"]
[White "Eliseev, Urii"]
[Black "Horvath, David"]
[Result "1/2-1/2"]
[WhiteElo "2552"]
[BlackElo "2351"]
[PlyCount "70"]
[EventDate "2013.12.19"]
[EventType "swiss"]
[EventRounds "11"]
[EventCountry "UAE"]
[Source "lmi"]
[SourceDate "2013.12.19"]

1. e4 e6 2. d4 d5 3. Nc3 Nf6 4. Bg5 dxe4 5. Nxe4 Be7 6. Bxf6 gxf6 7. Nf3 f5 8.
Nc3 a6 9. Qe2 b5 10. O-O-O b4 11. Na4 Qd5 12. Qc4 Bb7 13. Qxc7 Bd6 14. Qc4 Nd7
15. Qxd5 Bxd5 16. c4 bxc3 17. Nxc3 Bxf3 18. gxf3 Ke7 19. Bd3 Rhg8 20. Rhg1 Rxg1
21. Rxg1 Bxh2 22. Rh1 Bf4+ 23. Kc2 Nf6 24. d5 exd5 25. Bxf5 h5 26. Kd3 Be5 27.
Rh4 Rb8 28. b3 a5 29. Ne2 Rb4 30. f4 Bc7 31. Nd4 Kd6 32. Nc2 Rb8 33. Rh1 Bb6
34. Ke2 Rg8 35. Kf3 Bc5 1/2-1/2

[Event "Wch Juvenil 2013 sub-18"]
[Site "Al-Ain UAE"]
[Date "2013.12.19"]
[Round "2.4"]
[White "Ladva, Ottomar"]
[Black "Vaibhav, Suri"]
[Result "1-0"]
[WhiteElo "2337"]
[BlackElo "2544"]
[PlyCount "117"]
[EventDate "2013.12.19"]
[EventType "swiss"]
[EventRounds "11"]
[EventCountry "UAE"]
[Source "lmi"]
[SourceDate "2013.12.19"]

1. d4 Nf6 2. c4 e6 3. Nf3 d5 4. Nc3 c6 5. Bg5 dxc4 6. a4 b5 7. axb5 cxb5 8.
Nxb5 Qb6 9. Na3 Bxa3 10. Qa4+ Nc6 11. Qxa3 Ne4 12. e3 Qb4+ 13. Qxb4 Nxb4 14.
Rc1 Nd3+ 15. Bxd3 cxd3 16. Bf4 Bb7 17. Nd2 O-O 18. Nxe4 Bxe4 19. f3 Bb7 20. Kd2
Ba6 21. Rc5 Rfc8 22. Bc7 Kf8 23. Ra1 Bb7 24. Kxd3 Ke8 25. e4 Kd7 26. Rac1 a5
27. Be5 Rc6 28. Bxg7 Rg8 29. Be5 Rxg2 30. d5 Rxc5 31. Rxc5 exd5 32. exd5 Ba6+
33. Ke4 f6 34. Bxf6 Re2+ 35. Kf4 Rxh2 36. Rxa5 Bb7 37. Rb5 Ba8 38. Ke3 Rh1 39.
Ra5 Bxd5 40. Rxd5+ Ke6 41. Rb5 Kxf6 42. b4 Ke6 43. Rb8 Kd5 44. b5 h5 45. Kf2
Kc5 46. Kg2 Rh4 47. Kg3 Rh1 48. f4 Rg1+ 49. Kf3 h4 50. f5 Rg5 51. Kf4 Rh5 52.
Kg4 Rh7 53. Rc8+ Kd4 54. Rd8+ Kc4 55. b6 h3 56. b7 h2 57. b8=Q Rh4+ 58. Kxh4
h1=Q+ 59. Kg4 1-0

[Event "Wch Juvenil 2013 sub-18"]
[Site "Al-Ain UAE"]
[Date "2013.12.19"]
[Round "2.5"]
[White "Gabuzyan, Hovhannes"]
[Black "Rindlisbacher, Lars"]
[Result "1-0"]
[WhiteElo "2532"]
[BlackElo "2345"]
[PlyCount "68"]
[EventDate "2013.12.19"]
[EventType "swiss"]
[EventRounds "11"]
[EventCountry "UAE"]
[Source "lmi"]
[SourceDate "2013.12.19"]

1. c4 c5 2. Nf3 Nc6 3. g3 e5 4. Nc3 g6 5. Bg2 Bg7 6. h4 Nf6 7. d3 d6 8. Bg5 h6
9. Bxf6 Bxf6 10. h5 g5 11. Nd2 Bg7 12. Qa4 O-O 13. Nd5 Rb8 14. Rb1 a6 15. e3 b5
16. Qc2 Ne7 17. a3 Be6 18. b4 Qd7 19. O-O Rfc8 20. Nxe7+ Qxe7 21. Rfc1 cxb4 22.
axb4 bxc4 23. dxc4 d5 24. c5 Qa7 25. e4 d4 26. Nc4 Bxc4 27. Qxc4 Bf8 28. Ra1
Qb7 29. Rcb1 Qb5 30. Qxb5 axb5 31. Bf1 Rc7 32. Ra6 Kg7 33. Rba1 Be7 34. Be2 Bf8
1-0

[Event "Wch Juvenil 2013 sub-18"]
[Site "Al-Ain UAE"]
[Date "2013.12.19"]
[Round "2.6"]
[White "Igambergenov, Alibek"]
[Black "Naroditsky, Daniel"]
[Result "0-1"]
[WhiteElo "2323"]
[BlackElo "2531"]
[PlyCount "85"]
[EventDate "2013.12.19"]
[EventType "swiss"]
[EventRounds "11"]
[EventCountry "UAE"]
[Source "lmi"]
[SourceDate "2013.12.19"]

1. d4 Nf6 2. c4 g6 3. Nc3 Bg7 4. e4 d6 5. h3 O-O 6. Bg5 Qe8 7. Bd3 e5 8. d5 Nh5
9. Nge2 f5 10. Qd2 Na6 11. Bc2 Nf4 12. Nxf4 exf4 13. Bxf4 Nb4 14. Bb1 fxe4 15.
Be3 Nd3+ 16. Bxd3 exd3 17. Qxd3 Bf5 18. Qd2 g5 19. O-O Qg6 20. f3 Bd3 21. Rfe1
Bxc4 22. Bxg5 Rae8 23. Rxe8 Rxe8 24. Be3 Be5 25. Bd4 Qg7 26. Bxe5 Qxe5 27. Kf2
b5 28. a3 a5 29. Rc1 Qf5 30. Qd4 Re5 31. Rd1 b4 32. axb4 axb4 33. Ne4 Bxd5 34.
Ng3 Qc2+ 35. Rd2 Qb1 36. Re2 c5 37. Qg4+ Kh8 38. Rxe5 dxe5 39. Nf5 Qxb2+ 40.
Kg3 e4 41. fxe4 Qe5+ 42. Kf3 Bb7 43. Qh4 0-1

[Event "Wch Juvenil 2013 sub-18"]
[Site "Al-Ain UAE"]
[Date "2013.12.19"]
[Round "2.7"]
[White "Dragun, Kamil"]
[Black "Johansson, Linus"]
[Result "0-1"]
[WhiteElo "2530"]
[BlackElo "2314"]
[PlyCount "76"]
[EventDate "2013.12.19"]
[EventType "swiss"]
[EventRounds "11"]
[EventCountry "UAE"]
[Source "lmi"]
[SourceDate "2013.12.19"]

1. d4 Nf6 2. c4 e6 3. Nf3 c5 4. d5 exd5 5. cxd5 d6 6. Nc3 g6 7. Bf4 Bg7 8. Qa4+
Bd7 9. Qb3 Qc7 10. e4 O-O 11. Nd2 Nh5 12. Be3 f5 13. exf5 Bxf5 14. Be2 Nf6 15.
O-O a6 16. a4 Nbd7 17. Nc4 Ne4 18. Nxe4 Bxe4 19. Nd2 Rae8 20. Nxe4 Rxe4 21. Qc2
Rb4 22. Rab1 Re8 23. h3 b5 24. axb5 axb5 25. Bg4 Nf8 26. Bd2 Rc4 27. f4 Rd4 28.
Bf3 Qf7 29. Rbe1 Rxe1 30. Rxe1 Rxf4 31. Bxf4 Qxf4 32. Re4 Bd4+ 33. Kh1 Qg3 34.
Qe2 Be5 35. Kg1 Nd7 36. Qxb5 Nf6 37. Ra4 Qe1+ 38. Qf1 Bh2+ 0-1

[Event "Wch Juvenil 2013 sub-18"]
[Site "Al-Ain UAE"]
[Date "2013.12.19"]
[Round "2.8"]
[White "Chigaev, Maksim"]
[Black "Mindlin, Alon"]
[Result "1-0"]
[WhiteElo "2508"]
[BlackElo "2307"]
[PlyCount "85"]
[EventDate "2013.12.19"]
[EventType "swiss"]
[EventRounds "11"]
[EventCountry "UAE"]
[Source "lmi"]
[SourceDate "2013.12.19"]

1. e4 e5 2. Nf3 Nc6 3. d4 exd4 4. Nxd4 Nf6 5. Nxc6 bxc6 6. e5 Qe7 7. Qe2 Nd5 8.
c4 Nb6 9. Nc3 Qe6 10. Qe4 g6 11. Bf4 Bg7 12. O-O-O Bb7 13. Bd3 O-O-O 14. Rhe1
f6 15. exf6 Qxf6 16. Be5 Qxe5 17. Qxe5 Bxe5 18. Rxe5 d5 19. Rde1 Ba6 20. b3
dxc4 21. Bf1 Kb8 22. Ra5 Bc8 23. bxc4 Rd4 24. c5 Nd5 25. Nxd5 Rxd5 26. g3 Rhd8
27. Bg2 Rd4 28. Bxc6 a6 29. Ra4 Bb7 30. Rxd4 Rxd4 31. Be8 Rc4+ 32. Kd2 Rxc5 33.
Re7 Rf5 34. f4 Rh5 35. h4 Rd5+ 36. Ke3 Rd1 37. Ke2 Rg1 38. Rxh7 Rg2+ 39. Ke3
Rxg3+ 40. Kd4 Bf3 41. Rg7 Rg4 42. Bxg6 Rxf4+ 43. Ke5 1-0

[Event "Wch Juvenil 2013 sub-18"]
[Site "Al-Ain UAE"]
[Date "2013.12.19"]
[Round "2.9"]
[White "Emiroglu, Cankut"]
[Black "Andersen, Mads"]
[Result "1/2-1/2"]
[WhiteElo "2309"]
[BlackElo "2501"]
[PlyCount "68"]
[EventDate "2013.12.19"]
[EventType "swiss"]
[EventRounds "11"]
[EventCountry "UAE"]
[Source "lmi"]
[SourceDate "2013.12.19"]

1. e4 e5 2. Nf3 Nc6 3. Bc4 Bc5 4. d3 Nf6 5. O-O O-O 6. Nc3 h6 7. h3 a6 8. Be3
d6 9. Bxc5 dxc5 10. a4 Qd6 11. Nd5 Nxd5 12. Bxd5 Ne7 13. Bc4 b6 14. Qd2 Bd7 15.
Qe3 b5 16. axb5 axb5 17. Bb3 Ng6 18. Kh2 Nf4 19. Ng1 Ne6 20. Ne2 Nd4 21. Nxd4
cxd4 22. Qd2 Be6 23. Bxe6 fxe6 24. f3 Qb6 25. Qb4 c5 26. Qb3 Qc6 27. Ra3 Rxa3
28. bxa3 c4 29. Qb4 c3 30. Rb1 Ra8 31. Qe7 Re8 32. Qb4 Ra8 33. Qe7 Re8 34. Qb4
Ra8 1/2-1/2

[Event "Wch Juvenil 2013 sub-18"]
[Site "Al-Ain UAE"]
[Date "2013.12.19"]
[Round "2.10"]
[White "Bajarani, Ulvi"]
[Black "Schreiner, Till"]
[Result "1-0"]
[WhiteElo "2500"]
[BlackElo "2304"]
[PlyCount "69"]
[EventDate "2013.12.19"]
[EventType "swiss"]
[EventRounds "11"]
[EventCountry "UAE"]
[Source "lmi"]
[SourceDate "2013.12.19"]

1. e4 c5 2. Nf3 d6 3. d4 cxd4 4. Nxd4 Nf6 5. Nc3 a6 6. h3 e5 7. Nde2 h5 8. Nd5
Nxd5 9. exd5 Be7 10. Nc3 Bf5 11. Bd3 Bxd3 12. Qxd3 Nd7 13. O-O O-O 14. Qe2 h4
15. a4 Rc8 16. Bd2 f5 17. a5 Bg5 18. f4 Bf6 19. fxe5 Bxe5 20. Qh5 Qf6 21. Ra4
Bd4+ 22. Kh1 g6 23. Qh6 Nc5 24. Rxd4 Qxd4 25. Qxg6+ Qg7 26. Qxd6 Qf6 27. Qf4
Qg6 28. Qxh4 Ne4 29. Rf3 Rfe8 30. Nxe4 Rxe4 31. Qf2 f4 32. Bxf4 Rxc2 33. Bd2
Qe8 34. Rg3+ Kh7 35. Qf5+ 1-0

[Event "Wch Juvenil 2013 sub-18"]
[Site "Al-Ain UAE"]
[Date "2013.12.19"]
[Round "2.11"]
[White "Lewtak, Damian"]
[Black "Grover, Sahaj"]
[Result "1-0"]
[WhiteElo "2306"]
[BlackElo "2485"]
[PlyCount "59"]
[EventDate "2013.12.19"]
[EventType "swiss"]
[EventRounds "11"]
[EventCountry "UAE"]
[Source "lmi"]
[SourceDate "2013.12.19"]

1. d4 Nf6 2. c4 g6 3. Nc3 d5 4. Nf3 Bg7 5. e3 O-O 6. Be2 c6 7. O-O Be6 8. cxd5
cxd5 9. Bd3 Nc6 10. h3 a6 11. Bd2 Bf5 12. Qb1 e6 13. Rc1 Nb4 14. Bxf5 gxf5 15.
Ne5 Nd7 16. Na4 Nxe5 17. Bxb4 Ng6 18. Bxf8 Bxf8 19. f4 Bd6 20. Qc2 Kh8 21. Qf2
Qe7 22. Nb6 Rg8 23. Nc8 Qd7 24. Nxd6 Qxd6 25. Rc5 Ne7 26. Rac1 Nc6 27. Kh2 Qd8
28. a3 Qe7 29. b4 Ra8 30. Qe1 1-0

[Event "Wch Juvenil 2013 sub-18"]
[Site "Al-Ain UAE"]
[Date "2013.12.19"]
[Round "2.12"]
[White "Idani, Pouya"]
[Black "Lkhagvasuren, Tsedvee"]
[Result "1/2-1/2"]
[WhiteElo "2483"]
[BlackElo "2292"]
[PlyCount "69"]
[EventDate "2013.12.19"]
[EventType "swiss"]
[EventRounds "11"]
[EventCountry "UAE"]
[Source "lmi"]
[SourceDate "2013.12.19"]

1. Nf3 Nf6 2. c4 e6 3. Nc3 d5 4. d4 Bb4 5. Qa4+ Nc6 6. e3 O-O 7. Bd2 Be7 8. Be2
Nd7 9. c5 Nf6 10. b4 Ne4 11. b5 Nxd2 12. Nxd2 Nb8 13. O-O Nd7 14. f4 Nf6 15. c6
Qd6 16. Rfc1 Qa3 17. cxb7 Bxb7 18. Nb3 a6 19. Qxa3 Bxa3 20. Rc2 Bd6 21. Nc5
Bxc5 22. dxc5 axb5 23. Nxb5 c6 24. Nd4 Ra7 25. a4 Rfa8 26. Rb2 Nd7 27. Rc1 g6
28. a5 e5 29. fxe5 Nxe5 30. Rcb1 Ba6 31. Rb8+ Rxb8 32. Rxb8+ Kg7 33. Bxa6 Rxa6
34. Nb3 Nc4 35. Re8 1/2-1/2

[Event "Wch Juvenil 2013 sub-18"]
[Site "Al-Ain UAE"]
[Date "2013.12.19"]
[Round "2.14"]
[White "Hernandez Sanchez, Jairo Andre"]
[Black "Drozdowski, Kacper"]
[Result "0-1"]
[WhiteElo "2298"]
[BlackElo "2463"]
[PlyCount "90"]
[EventDate "2013.12.19"]
[EventType "swiss"]
[EventRounds "11"]
[EventCountry "UAE"]
[Source "lmi"]
[SourceDate "2013.12.19"]

1. e4 c5 2. Nf3 e6 3. d3 d5 4. Nbd2 Nc6 5. g3 Bd6 6. Bg2 Nge7 7. O-O O-O 8. Nh4
Qc7 9. f4 dxe4 10. Nxe4 Nf5 11. Nxf5 exf5 12. Nd2 Be6 13. Nc4 Qd7 14. a4 Rad8
15. Be3 b6 16. Re1 Rfe8 17. Bf2 Nb4 18. Ne5 Bxe5 19. Rxe5 Bd5 20. Rxe8+ Rxe8
21. a5 Bxg2 22. Kxg2 h5 23. axb6 axb6 24. h4 Qe6 25. c3 Qd5+ 26. Qf3 Qxf3+ 27.
Kxf3 Nxd3 28. b3 b5 29. Ra5 Rb8 30. Ra7 Nc1 31. Bxc5 Nxb3 32. Rc7 Nd2+ 33. Kg2
Re8 34. Be7 Ne4 35. Bb4 Rd8 36. Rb7 Rd2+ 37. Kg1 Rd5 38. Kg2 g6 39. Rb8+ Kg7
40. Bf8+ Kh7 41. Bb4 Rd3 42. Rxb5 Rxg3+ 43. Kf1 Rg4 44. c4 Rxh4 45. Kg1 Rg4+
0-1

[Event "Wch Juvenil 2013 sub-18"]
[Site "Al-Ain UAE"]
[Date "2013.12.19"]
[Round "2.15"]
[White "De Filomeno, Simone"]
[Black "Radovanovic, Nikola"]
[Result "1/2-1/2"]
[WhiteElo "2431"]
[BlackElo "2272"]
[PlyCount "44"]
[EventDate "2013.12.19"]
[EventType "swiss"]
[EventRounds "11"]
[EventCountry "UAE"]
[Source "lmi"]
[SourceDate "2013.12.19"]

1. d4 Nf6 2. c4 g6 3. g3 Bg7 4. Bg2 c5 5. Nf3 O-O 6. O-O Nc6 7. d5 Na5 8. Qc2
d6 9. e4 a6 10. Nbd2 b5 11. Re1 Rb8 12. cxb5 axb5 13. b4 cxb4 14. Bb2 Ba6 15.
Bd4 Nc4 16. Nb3 Rc8 17. Qe2 Na3 18. Rac1 Bh6 19. Rxc8 Qxc8 20. Bxf6 exf6 21.
Nfd4 Re8 22. Qf3 f5 1/2-1/2

[Event "Wch Juvenil 2013 sub-18"]
[Site "Al-Ain UAE"]
[Date "2013.12.19"]
[Round "2.16"]
[White "Hasenohr, Benedict"]
[Black "Laurusas, Tomas"]
[Result "0-1"]
[WhiteElo "2278"]
[BlackElo "2431"]
[PlyCount "90"]
[EventDate "2013.12.19"]
[EventType "swiss"]
[EventRounds "11"]
[EventCountry "UAE"]
[Source "lmi"]
[SourceDate "2013.12.19"]

1. d4 d6 2. Nf3 Bg4 3. c4 Nf6 4. g3 Bxf3 5. exf3 c6 6. d5 g6 7. Bg2 Bg7 8. O-O
O-O 9. Nc3 Nbd7 10. f4 Nb6 11. Qe2 Rc8 12. Rd1 cxd5 13. Nxd5 Nfxd5 14. cxd5 Na4
15. Qb5 Nc5 16. Be3 a6 17. Qb4 b5 18. Rac1 a5 19. Qxb5 Rb8 20. Qe2 Rxb2 21. Rc2
Rxc2 22. Qxc2 Qd7 23. Bxc5 Rc8 24. Rb1 dxc5 25. Qc4 Bd4 26. Bf3 h5 27. Kg2 h4
28. Be4 Kg7 29. Qb5 Qd8 30. Qb6 Qd7 31. Qb5 h3+ 32. Kf3 Qd8 33. Ke2 f5 34. Bf3
c4 35. Qa4 Bf6 36. Kd2 c3+ 37. Kc2 Rb8 38. Rb5 Qd7 39. Be2 Rxb5 40. Qxb5 Qa7
41. Qc4 Qxf2 42. Kb3 Qb6+ 43. Qb5 a4+ 44. Kc2 Qd4 45. Qd3 Qf2 0-1

[Event "Wch Juvenil 2013 sub-18"]
[Site "Al-Ain UAE"]
[Date "2013.12.19"]
[Round "2.17"]
[White "Ma, Zhonghan"]
[Black "Kenneskog, Theodor"]
[Result "1/2-1/2"]
[WhiteElo "2412"]
[BlackElo "2270"]
[PlyCount "105"]
[EventDate "2013.12.19"]
[EventType "swiss"]
[EventRounds "11"]
[EventCountry "UAE"]
[Source "lmi"]
[SourceDate "2013.12.19"]

1. d4 Nf6 2. c4 g6 3. Nc3 d5 4. Bf4 Bg7 5. e3 c5 6. dxc5 Qa5 7. Rc1 dxc4 8.
Bxc4 Qxc5 9. Bb3 O-O 10. Nf3 Nc6 11. O-O Qa5 12. Qe2 Nh5 13. Bg5 Bg4 14. Bh4 g5
15. Bg3 Rad8 16. Rfd1 Nxg3 17. hxg3 e6 18. Ne4 h6 19. Rc5 Qb4 20. Rc4 Qe7 21.
Rdc1 Na5 22. Rc7 Qb4 23. Nc5 Rc8 24. Rxc8 Rxc8 25. Nd3 Rxc1+ 26. Nxc1 Nxb3 27.
Nxb3 Qc4 28. Nbd2 Qc2 29. Qc4 Bf5 30. Qxc2 Bxc2 31. b3 Bc3 32. Kf1 Bd3+ 33. Ke1
g4 34. Nd4 Bxd4 35. exd4 b5 36. f3 h5 37. Kf2 gxf3 38. gxf3 b4 39. Ke3 Bc2 40.
d5 exd5 41. Kd4 f5 42. f4 Be4 43. Kc5 Kf7 44. Kxb4 Kg6 45. Kc5 h4 46. gxh4 Kh5
47. Kd4 Kxh4 48. b4 Kg4 49. Ke3 Bc2 50. a3 d4+ 51. Kxd4 Kxf4 52. Nc4 Kg3 53.
Ne3 1/2-1/2

[Event "Wch Juvenil 2013 sub-18"]
[Site "Al-Ain UAE"]
[Date "2013.12.19"]
[Round "2.18"]
[White "Teh, Eu Wen Aron"]
[Black "Barbot, Pierre"]
[Result "0-1"]
[WhiteElo "2272"]
[BlackElo "2404"]
[PlyCount "116"]
[EventDate "2013.12.19"]
[EventType "swiss"]
[EventRounds "11"]
[EventCountry "UAE"]
[Source "lmi"]
[SourceDate "2013.12.19"]

1. d4 d5 2. c4 Nc6 3. Nc3 Nf6 4. Nf3 dxc4 5. e3 e5 6. dxe5 Qxd1+ 7. Nxd1 Ng4 8.
Bxc4 Ngxe5 9. Nxe5 Nxe5 10. Be2 Bf5 11. O-O O-O-O 12. Nc3 Bd3 13. Bxd3 Nxd3 14.
Rd1 Be7 15. Nb5 Bc5 16. Kf1 a6 17. Nd4 Nb4 18. Bd2 Bxd4 19. exd4 Nc2 20. Rac1
Nxd4 21. Be3 Ne6 22. Ke2 Rxd1 23. Rxd1 Rd8 24. Rc1 Rd5 25. h3 f5 26. Rc4 Kd7
27. g3 b5 28. Rc1 c5 29. h4 Kc6 30. b3 Kd6 31. Kf3 g6 32. Ke2 Ke5 33. Kf3 Kd6
34. Ke2 Nd4+ 35. Kf1 Nc6 36. Ke2 Nb4 37. a3 Nc6 38. Rc3 Nd4+ 39. Kf1 a5 40.
Bf4+ Kd7 41. a4 b4 42. Rd3 Kc6 43. Bh6 Nc2 44. Ke2 Rxd3 45. Kxd3 Nd4 46. Kc4
Nf3 47. Kd3 Kd5 48. Bg7 Nd4 49. Bxd4 cxd4 50. f3 h6 51. Ke2 g5 52. hxg5 hxg5
53. Kd3 Ke5 54. Kd2 g4 55. Ke2 gxf3+ 56. Kxf3 d3 57. Ke3 d2 58. Ke2 Ke4 0-1

[Event "Wch Juvenil 2013 sub-18"]
[Site "Al-Ain UAE"]
[Date "2013.12.19"]
[Round "2.19"]
[White "Menezes, Christoph"]
[Black "Makhmutov, Rail"]
[Result "0-1"]
[WhiteElo "2260"]
[BlackElo "2396"]
[PlyCount "122"]
[EventDate "2013.12.19"]
[EventType "swiss"]
[EventRounds "11"]
[EventCountry "UAE"]
[Source "lmi"]
[SourceDate "2013.12.19"]

1. d4 Nf6 2. c4 e6 3. Nf3 b6 4. g3 Ba6 5. b3 d5 6. Bg2 Bd6 7. O-O O-O 8. cxd5
exd5 9. Nc3 Re8 10. Ne5 c6 11. Bf4 Bb7 12. e4 Bb4 13. exd5 cxd5 14. Nb5 Bf8 15.
Rc1 Na6 16. a4 Ne4 17. Nc6 Bxc6 18. Rxc6 Qd7 19. Rc2 Rac8 20. Re1 Nb4 21. Rc7
Rxc7 22. Nxc7 Nc3 23. Qd2 Rxe1+ 24. Qxe1 Qc6 25. Qe8 Qxe8 26. Nxe8 Ne2+ 27. Kf1
Nxd4 28. Nc7 Nxb3 29. Nxd5 Nxd5 30. Bxd5 Nc5 31. Bc6 Ne6 32. Bb8 a6 33. Ba7 Bc5
34. Bd5 Kf8 35. Bb7 a5 36. Bb8 Ke7 37. Be5 f6 38. Bc3 Kd6 39. Ba6 Bb4 40. Bb2
Nc5 41. Bb5 Kd5 42. Ke2 Ne4 43. Be8 Nd6 44. Bd7 Bc5 45. f3 Kc4 46. Bc1 Kc3 47.
Bd2+ Kb3 48. Kd3 Bg1 49. Bc6 Bxh2 50. g4 Bg1 51. Bf4 Nc8 52. Bd7 Ne7 53. Ke4
Bc5 54. g5 fxg5 55. Bxg5 Ng6 56. Bd8 Kb4 57. Kf5 Bd4 58. Ke4 Ne5 59. Bb5 Nf7
60. Bc7 Ng5+ 61. Kd5 Nxf3 0-1

[Event "Wch Juvenil 2013 sub-18"]
[Site "Al-Ain UAE"]
[Date "2013.12.19"]
[Round "2.20"]
[White "Lugovskoy, Maxim"]
[Black "Patil, Pratik"]
[Result "1/2-1/2"]
[WhiteElo "2392"]
[BlackElo "2265"]
[PlyCount "100"]
[EventDate "2013.12.19"]
[EventType "swiss"]
[EventRounds "11"]
[EventCountry "UAE"]
[Source "lmi"]
[SourceDate "2013.12.19"]

1. e4 e5 2. Nf3 Nc6 3. Bc4 Nf6 4. Nc3 Be7 5. d4 exd4 6. Nxd4 d6 7. O-O O-O 8.
Nxc6 bxc6 9. f4 Nxe4 10. Nxe4 d5 11. Qf3 dxe4 12. Qxe4 Bf5 13. Qxc6 Qd4+ 14.
Kh1 Bc5 15. Qa4 Rae8 16. c3 Qd6 17. Qd1 Qg6 18. Qd5 Bb6 19. b3 Be6 20. Qc6 Bxc4
21. Qxc4 Re4 22. f5 Rxc4 23. fxg6 Rxc3 24. Ba3 Bc5 25. gxh7+ Kxh7 26. Bxc5 Rxc5
27. Rfc1 Rxc1+ 28. Rxc1 Rd8 29. h3 Rd2 30. a4 Rd3 31. Rxc7 f5 32. b4 Rd4 33. a5
Rxb4 34. Rxa7 Ra4 35. a6 Kh6 36. Ra8 Ra2 37. a7 Kg6 38. h4 Ra4 39. Kg1 Ra2 40.
Kf1 Ra1+ 41. Kf2 Ra3 42. g3 Kh7 43. h5 g6 44. hxg6+ Kg7 45. Ke2 Ra2+ 46. Kf3
Ra3+ 47. Kf4 Ra5 48. Kg5 f4+ 49. Kxf4 Ra4+ 50. Kg5 Ra5+ 1/2-1/2

[Event "Wch Juvenil 2013 sub-18"]
[Site "Al-Ain UAE"]
[Date "2013.12.19"]
[Round "2.21"]
[White "Studer, Noel"]
[Black "Lokander, Martin"]
[Result "1/2-1/2"]
[WhiteElo "2385"]
[BlackElo "2246"]
[PlyCount "62"]
[EventDate "2013.12.19"]
[EventType "swiss"]
[EventRounds "11"]
[EventCountry "UAE"]
[Source "lmi"]
[SourceDate "2013.12.19"]

1. e4 c5 2. Nf3 d6 3. d4 cxd4 4. Nxd4 Nf6 5. Nc3 g6 6. Be3 Bg7 7. f3 Nc6 8. Qd2
O-O 9. Bc4 Bd7 10. O-O-O Rc8 11. Bb3 Ne5 12. Kb1 Nc4 13. Bxc4 Rxc4 14. g4 b5
15. b3 b4 16. Nce2 Rc8 17. Ng3 Qa5 18. h4 e5 19. Nde2 Rc6 20. g5 Ne8 21. Rc1 f5
22. Qd5+ Qxd5 23. exd5 Rc8 24. Bxa7 Nc7 25. c4 bxc3 26. Nxc3 e4 27. fxe4 Nb5
28. Nxb5 Bxb5 29. Rhd1 Be5 30. Nh1 Rxc1+ 31. Kxc1 fxe4 1/2-1/2

[Event "Wch Juvenil 2013 sub-18"]
[Site "Al-Ain UAE"]
[Date "2013.12.19"]
[Round "2.22"]
[White "Martinez Romero, Martin"]
[Black "Prince, Bajaj"]
[Result "1/2-1/2"]
[WhiteElo "2381"]
[BlackElo "2227"]
[PlyCount "42"]
[EventDate "2013.12.19"]
[EventType "swiss"]
[EventRounds "11"]
[EventCountry "UAE"]
[Source "lmi"]
[SourceDate "2013.12.19"]

1. d4 Nf6 2. c4 e6 3. Nc3 Bb4 4. e3 O-O 5. Bd3 d5 6. Nf3 c5 7. O-O Nc6 8. a3
Ba5 9. Re1 Re8 10. h3 e5 11. cxd5 Nxd5 12. Nxd5 Qxd5 13. dxe5 Rd8 14. b4 cxb4
15. Bc2 Qc5 16. Bxh7+ Kxh7 17. Ng5+ Kg8 18. Qf3 Nxe5 19. Qg3 Ng4 20. Nf3 Bc7
21. Qxc7 Be6 1/2-1/2

[Event "Wch Juvenil 2013 sub-18"]
[Site "Al-Ain UAE"]
[Date "2013.12.19"]
[Round "2.23"]
[White "Grigorian, Roudolph"]
[Black "Ebeling, Daniel"]
[Result "0-1"]
[WhiteElo "2101"]
[BlackElo "2374"]
[PlyCount "66"]
[EventDate "2013.12.19"]
[EventType "swiss"]
[EventRounds "11"]
[EventCountry "UAE"]
[Source "lmi"]
[SourceDate "2013.12.19"]

1. e4 e5 2. Nf3 Nc6 3. d4 exd4 4. Nxd4 Bc5 5. Nxc6 Qf6 6. Qf3 bxc6 7. Be2 Qxf3
8. gxf3 Ne7 9. Nc3 d6 10. h4 Be6 11. Rg1 O-O 12. Na4 Bd4 13. c3 Bf6 14. h5 c5
15. f4 Bd7 16. Bd1 Rab8 17. Bc2 c4 18. e5 dxe5 19. Nc5 Bc6 20. Be4 Rb5 21. Bxc6
Rxc5 22. Bf3 Nf5 23. b4 cxb3 24. Ba3 Rxc3 25. Bxf8 Rxf3 26. Bxg7 Bxg7 27. axb3
h6 28. Rxa7 Rxb3 29. Rg4 Rb4 30. Rxc7 Rxf4 31. Rc8+ Kh7 32. Rxf4 exf4 33. Rc4
Nd4 0-1

[Event "Wch Juvenil 2013 sub-18"]
[Site "Al-Ain UAE"]
[Date "2013.12.19"]
[Round "2.24"]
[White "Javanbakht, Nima"]
[Black "Hughes, John L"]
[Result "1/2-1/2"]
[WhiteElo "2374"]
[BlackElo "2155"]
[PlyCount "53"]
[EventDate "2013.12.19"]
[EventType "swiss"]
[EventRounds "11"]
[EventCountry "UAE"]
[Source "lmi"]
[SourceDate "2013.12.19"]

1. d4 d5 2. c4 e6 3. Nc3 c5 4. cxd5 exd5 5. Nf3 Nc6 6. g3 Nf6 7. Bg2 Be7 8. O-O
O-O 9. Bg5 c4 10. Ne5 Be6 11. f4 h6 12. Bxf6 Bxf6 13. e3 Ne7 14. Rf2 Rb8 15. e4
Bxe5 16. fxe5 Qd7 17. Qd2 b5 18. exd5 Bxd5 19. Bxd5 Nxd5 20. Ne4 b4 21. Raf1
Qc6 22. Nf6+ Nxf6 23. exf6 c3 24. Qc1 Rb6 25. Rf4 Re8 26. fxg7 Re2 27. R1f2
1/2-1/2

[Event "Wch Juvenil 2013 sub-18"]
[Site "Al-Ain UAE"]
[Date "2013.12.19"]
[Round "2.25"]
[White "De Abreu, Roberto N"]
[Black "Sanzhaev, Darsen"]
[Result "0-1"]
[WhiteElo "2013"]
[BlackElo "2366"]
[PlyCount "78"]
[EventDate "2013.12.19"]
[EventType "swiss"]
[EventRounds "11"]
[EventCountry "UAE"]
[Source "lmi"]
[SourceDate "2013.12.19"]

1. d4 Nf6 2. c4 e6 3. g3 Bb4+ 4. Bd2 Qe7 5. Nf3 Nc6 6. Nc3 Na5 7. b3 b6 8. a3
Bxc3 9. Bxc3 O-O 10. Bg2 Bb7 11. O-O d6 12. Rc1 c5 13. dxc5 dxc5 14. b4 Nc6 15.
Qc2 cxb4 16. axb4 Nxb4 17. Qb1 Nc6 18. Ng5 Rfd8 19. Bxf6 Qxf6 20. Qxh7+ Kf8 21.
Qh4 Ke7 22. c5 Rd7 23. f4 b5 24. e4 Rd2 25. Rcd1 Qd4+ 26. Kh1 Rxd1 27. Nf3+ Qf6
28. Qxf6+ gxf6 29. Rxd1 Rd8 30. Rb1 b4 31. e5 f5 32. Ne1 a5 33. Kg1 Rd2 34. h4
Kf8 35. Bf3 a4 36. Bxc6 Bxc6 37. Rxb4 a3 38. Rb6 a2 39. Ra6 Bd5 0-1